| 000 | 01081cam a2200229 4500 | ||
|---|---|---|---|
| 001 | ABS65755 | ||
| 008 | 020717n2002 000 0 eng u | ||
| 035 | _a(Sirsi) u118879 | ||
| 100 | _aDyer, M | ||
| 245 | _aFit to drop? | ||
| 260 | _c2002 | ||
| 490 |
_aEstates Gazette _v(0227) 6 July 2002, 52-53(2) |
||
| 520 | _aAnalysis of the UK health and fitness club market in the wake of three of the leading operators issuing profit warnings and being subject to takeover bids. Looks at the fortunes of Fitness First, Holmes Place and Esporta and highlights issues such as expansion into Europe, rental levels, oversupply in the City of London, and the problem of finding good sites in the South East. Leisure specialists predict that there will be steady growth in fitness club memebership. Table showing top 10 groups of health and fitness clubs in the UK. | ||
| 590 | _aABS | ||
| 650 | _aFITNESS CLUBS | ||
| 650 | _aMEMBERSHIP | ||
| 650 | _aHEALTH CLUBS | ||
| 650 | _aLEISURE MARKET | ||
| 650 | _aLEISURE OPERATORS | ||
| 690 | _aLEISURE AND RECREATION | ||
| 942 | _n0 | ||
| 999 |
_c70756 _d70756 |
||